<?xml version="1.0" encoding="UTF-8"?>
<record
    xmlns:xsi="http://www.w3.org/2001/XMLSchema-instance"
    xsi:schemaLocation="http://www.loc.gov/MARC21/slim http://www.loc.gov/standards/marcxml/schema/MARC21slim.xsd"
    xmlns="http://www.loc.gov/MARC21/slim">

  <leader>00535nam a2200181   4500</leader>
  <controlfield tag="003">SEACOMEC</controlfield>
  <controlfield tag="005">20240524110055.0</controlfield>
  <controlfield tag="008">240524b        |||||||| |||| 00| 0 eng d</controlfield>
  <datafield tag="020" ind1=" " ind2=" ">
    <subfield code="a">9780198097389</subfield>
    <subfield code="c">Rs.385.00</subfield>
  </datafield>
  <datafield tag="040" ind1=" " ind2=" ">
    <subfield code="a">SEACOMEC</subfield>
  </datafield>
  <datafield tag="082" ind1=" " ind2=" ">
    <subfield code="a">621.395</subfield>
    <subfield code="b">A428</subfield>
  </datafield>
  <datafield tag="100" ind1=" " ind2=" ">
    <subfield code="a">Allen, P. E. (Phillip E.)</subfield>
  </datafield>
  <datafield tag="245" ind1="1" ind2=" ">
    <subfield code="a">CMOS Analog Circuit Design</subfield>
    <subfield code="c">  P. E. (Phillip E.) Allen, Douglas R Holberg,</subfield>
  </datafield>
  <datafield tag="250" ind1=" " ind2=" ">
    <subfield code="a">2nd ed.</subfield>
  </datafield>
  <datafield tag="260" ind1=" " ind2=" ">
    <subfield code="a"> New Delhi </subfield>
    <subfield code="b">Oxford University Press </subfield>
    <subfield code="c">2006</subfield>
  </datafield>
  <datafield tag="650" ind1=" " ind2=" ">
    <subfield code="a"> Linear integrated circuits </subfield>
  </datafield>
  <datafield tag="942" ind1=" " ind2=" ">
    <subfield code="c">BOOK</subfield>
  </datafield>
  <datafield tag="952" ind1=" " ind2=" ">
    <subfield code="0">0</subfield>
    <subfield code="1">0</subfield>
    <subfield code="2">ddc</subfield>
    <subfield code="4">0</subfield>
    <subfield code="7">0</subfield>
    <subfield code="a">SEACOMEC</subfield>
    <subfield code="b">SEACOMEC</subfield>
    <subfield code="d">2008-01-24</subfield>
    <subfield code="l">0</subfield>
    <subfield code="o">621.395 A428</subfield>
    <subfield code="p">9324</subfield>
    <subfield code="r">2024-05-24 11:01:22</subfield>
    <subfield code="w">2024-05-24</subfield>
    <subfield code="y">REF</subfield>
  </datafield>
  <datafield tag="952" ind1=" " ind2=" ">
    <subfield code="0">0</subfield>
    <subfield code="1">0</subfield>
    <subfield code="2">ddc</subfield>
    <subfield code="4">0</subfield>
    <subfield code="7">0</subfield>
    <subfield code="a">SEACOMEC</subfield>
    <subfield code="b">SEACOMEC</subfield>
    <subfield code="d">2008-01-24</subfield>
    <subfield code="l">0</subfield>
    <subfield code="o">621.395 A428</subfield>
    <subfield code="p">9325</subfield>
    <subfield code="r">2024-05-24 11:01:53</subfield>
    <subfield code="t">1</subfield>
    <subfield code="w">2024-05-24</subfield>
    <subfield code="y">BOOK</subfield>
  </datafield>
  <datafield tag="952" ind1=" " ind2=" ">
    <subfield code="0">0</subfield>
    <subfield code="1">0</subfield>
    <subfield code="2">ddc</subfield>
    <subfield code="4">0</subfield>
    <subfield code="7">0</subfield>
    <subfield code="a">SEACOMEC</subfield>
    <subfield code="b">SEACOMEC</subfield>
    <subfield code="d">2008-01-24</subfield>
    <subfield code="l">0</subfield>
    <subfield code="o">621.395 A428</subfield>
    <subfield code="p">9326</subfield>
    <subfield code="r">2024-05-24 11:01:53</subfield>
    <subfield code="t">2</subfield>
    <subfield code="w">2024-05-24</subfield>
    <subfield code="y">BOOK</subfield>
  </datafield>
  <datafield tag="952" ind1=" " ind2=" ">
    <subfield code="0">0</subfield>
    <subfield code="1">0</subfield>
    <subfield code="2">ddc</subfield>
    <subfield code="4">0</subfield>
    <subfield code="7">0</subfield>
    <subfield code="a">SEACOMEC</subfield>
    <subfield code="b">SEACOMEC</subfield>
    <subfield code="d">2008-01-24</subfield>
    <subfield code="l">0</subfield>
    <subfield code="o">621.395 A428</subfield>
    <subfield code="p">9327</subfield>
    <subfield code="r">2024-05-24 11:01:53</subfield>
    <subfield code="t">3</subfield>
    <subfield code="w">2024-05-24</subfield>
    <subfield code="y">BOOK</subfield>
  </datafield>
  <datafield tag="952" ind1=" " ind2=" ">
    <subfield code="0">0</subfield>
    <subfield code="1">0</subfield>
    <subfield code="2">ddc</subfield>
    <subfield code="4">0</subfield>
    <subfield code="7">0</subfield>
    <subfield code="a">SEACOMEC</subfield>
    <subfield code="b">SEACOMEC</subfield>
    <subfield code="d">2008-01-24</subfield>
    <subfield code="l">0</subfield>
    <subfield code="o">621.395 A428</subfield>
    <subfield code="p">9328</subfield>
    <subfield code="r">2024-05-24 11:01:53</subfield>
    <subfield code="t">4</subfield>
    <subfield code="w">2024-05-24</subfield>
    <subfield code="y">BOOK</subfield>
  </datafield>
  <datafield tag="952" ind1=" " ind2=" ">
    <subfield code="0">0</subfield>
    <subfield code="1">0</subfield>
    <subfield code="2">ddc</subfield>
    <subfield code="4">0</subfield>
    <subfield code="7">0</subfield>
    <subfield code="a">SEACOMEC</subfield>
    <subfield code="b">SEACOMEC</subfield>
    <subfield code="d">2009-03-05</subfield>
    <subfield code="l">0</subfield>
    <subfield code="o">621.395 A428</subfield>
    <subfield code="p">14152</subfield>
    <subfield code="r">2025-03-11 12:11:01</subfield>
    <subfield code="t">5</subfield>
    <subfield code="w">2025-03-11</subfield>
    <subfield code="y">BOOK</subfield>
  </datafield>
  <datafield tag="952" ind1=" " ind2=" ">
    <subfield code="0">0</subfield>
    <subfield code="1">0</subfield>
    <subfield code="2">ddc</subfield>
    <subfield code="4">0</subfield>
    <subfield code="7">0</subfield>
    <subfield code="a">SEACOMEC</subfield>
    <subfield code="b">SEACOMEC</subfield>
    <subfield code="d">2009-03-05</subfield>
    <subfield code="l">0</subfield>
    <subfield code="o">621.395 A428</subfield>
    <subfield code="p">14153</subfield>
    <subfield code="r">2025-03-11 12:11:01</subfield>
    <subfield code="t">6</subfield>
    <subfield code="w">2025-03-11</subfield>
    <subfield code="y">BOOK</subfield>
  </datafield>
  <datafield tag="952" ind1=" " ind2=" ">
    <subfield code="0">0</subfield>
    <subfield code="1">0</subfield>
    <subfield code="2">ddc</subfield>
    <subfield code="4">0</subfield>
    <subfield code="7">0</subfield>
    <subfield code="a">SEACOMEC</subfield>
    <subfield code="b">SEACOMEC</subfield>
    <subfield code="d">2009-03-05</subfield>
    <subfield code="l">0</subfield>
    <subfield code="o">621.395 A428</subfield>
    <subfield code="p">14154</subfield>
    <subfield code="r">2025-03-11 12:11:01</subfield>
    <subfield code="t">7</subfield>
    <subfield code="w">2025-03-11</subfield>
    <subfield code="y">BOOK</subfield>
  </datafield>
  <datafield tag="952" ind1=" " ind2=" ">
    <subfield code="0">0</subfield>
    <subfield code="1">0</subfield>
    <subfield code="2">ddc</subfield>
    <subfield code="4">0</subfield>
    <subfield code="7">0</subfield>
    <subfield code="a">SEACOMEC</subfield>
    <subfield code="b">SEACOMEC</subfield>
    <subfield code="d">2009-03-05</subfield>
    <subfield code="l">0</subfield>
    <subfield code="o">621.395 A428</subfield>
    <subfield code="p">14155</subfield>
    <subfield code="r">2025-03-11 12:11:01</subfield>
    <subfield code="t">8</subfield>
    <subfield code="w">2025-03-11</subfield>
    <subfield code="y">BOOK</subfield>
  </datafield>
  <datafield tag="952" ind1=" " ind2=" ">
    <subfield code="0">0</subfield>
    <subfield code="1">0</subfield>
    <subfield code="2">ddc</subfield>
    <subfield code="4">0</subfield>
    <subfield code="7">0</subfield>
    <subfield code="a">SEACOMEC</subfield>
    <subfield code="b">SEACOMEC</subfield>
    <subfield code="d">2009-03-05</subfield>
    <subfield code="l">0</subfield>
    <subfield code="o">621.395 A428</subfield>
    <subfield code="p">14156</subfield>
    <subfield code="r">2025-03-11 12:11:01</subfield>
    <subfield code="t">9</subfield>
    <subfield code="w">2025-03-11</subfield>
    <subfield code="y">BOOK</subfield>
  </datafield>
  <datafield tag="952" ind1=" " ind2=" ">
    <subfield code="0">0</subfield>
    <subfield code="1">0</subfield>
    <subfield code="2">ddc</subfield>
    <subfield code="4">0</subfield>
    <subfield code="7">0</subfield>
    <subfield code="a">SEACOMEC</subfield>
    <subfield code="b">SEACOMEC</subfield>
    <subfield code="d">2009-03-05</subfield>
    <subfield code="l">0</subfield>
    <subfield code="o">621.395 A428</subfield>
    <subfield code="p">14157</subfield>
    <subfield code="r">2025-03-11 12:11:01</subfield>
    <subfield code="t">10</subfield>
    <subfield code="w">2025-03-11</subfield>
    <subfield code="y">BOOK</subfield>
  </datafield>
  <datafield tag="952" ind1=" " ind2=" ">
    <subfield code="0">0</subfield>
    <subfield code="1">0</subfield>
    <subfield code="2">ddc</subfield>
    <subfield code="4">0</subfield>
    <subfield code="7">0</subfield>
    <subfield code="a">SEACOMEC</subfield>
    <subfield code="b">SEACOMEC</subfield>
    <subfield code="d">2009-03-05</subfield>
    <subfield code="l">0</subfield>
    <subfield code="o">621.395 A428</subfield>
    <subfield code="p">14158</subfield>
    <subfield code="r">2025-03-11 12:11:01</subfield>
    <subfield code="t">11</subfield>
    <subfield code="w">2025-03-11</subfield>
    <subfield code="y">BOOK</subfield>
  </datafield>
  <datafield tag="952" ind1=" " ind2=" ">
    <subfield code="0">0</subfield>
    <subfield code="1">0</subfield>
    <subfield code="2">ddc</subfield>
    <subfield code="4">0</subfield>
    <subfield code="7">0</subfield>
    <subfield code="a">SEACOMEC</subfield>
    <subfield code="b">SEACOMEC</subfield>
    <subfield code="d">2009-03-05</subfield>
    <subfield code="l">0</subfield>
    <subfield code="o">621.395 A428</subfield>
    <subfield code="p">14159</subfield>
    <subfield code="r">2025-03-11 12:11:01</subfield>
    <subfield code="t">12</subfield>
    <subfield code="w">2025-03-11</subfield>
    <subfield code="y">BOOK</subfield>
  </datafield>
  <datafield tag="952" ind1=" " ind2=" ">
    <subfield code="0">0</subfield>
    <subfield code="1">0</subfield>
    <subfield code="2">ddc</subfield>
    <subfield code="4">0</subfield>
    <subfield code="7">0</subfield>
    <subfield code="a">SEACOMEC</subfield>
    <subfield code="b">SEACOMEC</subfield>
    <subfield code="d">2009-03-05</subfield>
    <subfield code="l">0</subfield>
    <subfield code="o">621.395 A428</subfield>
    <subfield code="p">14160</subfield>
    <subfield code="r">2025-03-11 12:11:01</subfield>
    <subfield code="t">13</subfield>
    <subfield code="w">2025-03-11</subfield>
    <subfield code="y">BOOK</subfield>
  </datafield>
  <datafield tag="952" ind1=" " ind2=" ">
    <subfield code="0">0</subfield>
    <subfield code="1">0</subfield>
    <subfield code="2">ddc</subfield>
    <subfield code="4">0</subfield>
    <subfield code="7">0</subfield>
    <subfield code="a">SEACOMEC</subfield>
    <subfield code="b">SEACOMEC</subfield>
    <subfield code="d">2009-03-05</subfield>
    <subfield code="l">0</subfield>
    <subfield code="o">621.395 A428</subfield>
    <subfield code="p">14161</subfield>
    <subfield code="r">2025-03-11 12:11:01</subfield>
    <subfield code="t">14</subfield>
    <subfield code="w">2025-03-11</subfield>
    <subfield code="y">BOOK</subfield>
  </datafield>
  <datafield tag="952" ind1=" " ind2=" ">
    <subfield code="0">0</subfield>
    <subfield code="1">0</subfield>
    <subfield code="2">ddc</subfield>
    <subfield code="4">0</subfield>
    <subfield code="7">0</subfield>
    <subfield code="a">SEACOMEC</subfield>
    <subfield code="b">SEACOMEC</subfield>
    <subfield code="d">2009-03-05</subfield>
    <subfield code="l">0</subfield>
    <subfield code="o">621.395 A428</subfield>
    <subfield code="p">14162</subfield>
    <subfield code="r">2025-03-11 12:11:01</subfield>
    <subfield code="t">15</subfield>
    <subfield code="w">2025-03-11</subfield>
    <subfield code="y">BOOK</subfield>
  </datafield>
  <datafield tag="952" ind1=" " ind2=" ">
    <subfield code="0">0</subfield>
    <subfield code="1">0</subfield>
    <subfield code="2">ddc</subfield>
    <subfield code="4">0</subfield>
    <subfield code="7">0</subfield>
    <subfield code="a">SEACOMEC</subfield>
    <subfield code="b">SEACOMEC</subfield>
    <subfield code="d">2009-03-05</subfield>
    <subfield code="l">0</subfield>
    <subfield code="o">621.395 A428</subfield>
    <subfield code="p">14163</subfield>
    <subfield code="r">2025-03-11 12:11:01</subfield>
    <subfield code="t">16</subfield>
    <subfield code="w">2025-03-11</subfield>
    <subfield code="y">BOOK</subfield>
  </datafield>
  <datafield tag="952" ind1=" " ind2=" ">
    <subfield code="0">0</subfield>
    <subfield code="1">0</subfield>
    <subfield code="2">ddc</subfield>
    <subfield code="4">0</subfield>
    <subfield code="7">0</subfield>
    <subfield code="a">SEACOMEC</subfield>
    <subfield code="b">SEACOMEC</subfield>
    <subfield code="d">2009-03-05</subfield>
    <subfield code="l">0</subfield>
    <subfield code="o">621.395 A428</subfield>
    <subfield code="p">14164</subfield>
    <subfield code="r">2025-03-11 12:11:01</subfield>
    <subfield code="t">17</subfield>
    <subfield code="w">2025-03-11</subfield>
    <subfield code="y">BOOK</subfield>
  </datafield>
  <datafield tag="952" ind1=" " ind2=" ">
    <subfield code="0">0</subfield>
    <subfield code="1">0</subfield>
    <subfield code="2">ddc</subfield>
    <subfield code="4">0</subfield>
    <subfield code="7">0</subfield>
    <subfield code="a">SEACOMEC</subfield>
    <subfield code="b">SEACOMEC</subfield>
    <subfield code="d">2009-03-05</subfield>
    <subfield code="l">0</subfield>
    <subfield code="o">621.395 A428</subfield>
    <subfield code="p">14165</subfield>
    <subfield code="r">2025-03-11 12:11:01</subfield>
    <subfield code="t">18</subfield>
    <subfield code="w">2025-03-11</subfield>
    <subfield code="y">BOOK</subfield>
  </datafield>
  <datafield tag="952" ind1=" " ind2=" ">
    <subfield code="0">0</subfield>
    <subfield code="1">0</subfield>
    <subfield code="2">ddc</subfield>
    <subfield code="4">0</subfield>
    <subfield code="7">0</subfield>
    <subfield code="a">SEACOMEC</subfield>
    <subfield code="b">SEACOMEC</subfield>
    <subfield code="d">2009-03-05</subfield>
    <subfield code="l">0</subfield>
    <subfield code="o">621.395 A428</subfield>
    <subfield code="p">14166</subfield>
    <subfield code="r">2025-03-11 12:11:01</subfield>
    <subfield code="t">19</subfield>
    <subfield code="w">2025-03-11</subfield>
    <subfield code="y">BOOK</subfield>
  </datafield>
  <datafield tag="952" ind1=" " ind2=" ">
    <subfield code="0">0</subfield>
    <subfield code="1">0</subfield>
    <subfield code="2">ddc</subfield>
    <subfield code="4">0</subfield>
    <subfield code="7">0</subfield>
    <subfield code="a">SEACOMEC</subfield>
    <subfield code="b">SEACOMEC</subfield>
    <subfield code="d">2009-03-05</subfield>
    <subfield code="l">0</subfield>
    <subfield code="o">621.395 A428</subfield>
    <subfield code="p">14167</subfield>
    <subfield code="r">2025-03-11 12:11:01</subfield>
    <subfield code="t">20</subfield>
    <subfield code="w">2025-03-11</subfield>
    <subfield code="y">BOOK</subfield>
  </datafield>
  <datafield tag="952" ind1=" " ind2=" ">
    <subfield code="0">0</subfield>
    <subfield code="1">0</subfield>
    <subfield code="2">ddc</subfield>
    <subfield code="4">0</subfield>
    <subfield code="7">0</subfield>
    <subfield code="a">SEACOMEC</subfield>
    <subfield code="b">SEACOMEC</subfield>
    <subfield code="d">2009-03-05</subfield>
    <subfield code="l">0</subfield>
    <subfield code="o">621.395 A428</subfield>
    <subfield code="p">14168</subfield>
    <subfield code="r">2025-03-11 12:11:01</subfield>
    <subfield code="t">21</subfield>
    <subfield code="w">2025-03-11</subfield>
    <subfield code="y">BOOK</subfield>
  </datafield>
  <datafield tag="952" ind1=" " ind2=" ">
    <subfield code="0">0</subfield>
    <subfield code="1">0</subfield>
    <subfield code="2">ddc</subfield>
    <subfield code="4">0</subfield>
    <subfield code="7">0</subfield>
    <subfield code="a">SEACOMEC</subfield>
    <subfield code="b">SEACOMEC</subfield>
    <subfield code="d">2009-03-05</subfield>
    <subfield code="l">0</subfield>
    <subfield code="o">621.395 A428</subfield>
    <subfield code="p">14169</subfield>
    <subfield code="r">2025-03-11 12:11:01</subfield>
    <subfield code="t">22</subfield>
    <subfield code="w">2025-03-11</subfield>
    <subfield code="y">BOOK</subfield>
  </datafield>
  <datafield tag="952" ind1=" " ind2=" ">
    <subfield code="0">0</subfield>
    <subfield code="1">0</subfield>
    <subfield code="2">ddc</subfield>
    <subfield code="4">0</subfield>
    <subfield code="7">0</subfield>
    <subfield code="a">SEACOMEC</subfield>
    <subfield code="b">SEACOMEC</subfield>
    <subfield code="d">2009-03-05</subfield>
    <subfield code="l">0</subfield>
    <subfield code="o">621.395 A428</subfield>
    <subfield code="p">14170</subfield>
    <subfield code="r">2025-03-11 12:11:01</subfield>
    <subfield code="t">23</subfield>
    <subfield code="w">2025-03-11</subfield>
    <subfield code="y">BOOK</subfield>
  </datafield>
  <datafield tag="952" ind1=" " ind2=" ">
    <subfield code="0">0</subfield>
    <subfield code="1">0</subfield>
    <subfield code="2">ddc</subfield>
    <subfield code="4">0</subfield>
    <subfield code="7">0</subfield>
    <subfield code="a">SEACOMEC</subfield>
    <subfield code="b">SEACOMEC</subfield>
    <subfield code="d">2009-03-05</subfield>
    <subfield code="l">0</subfield>
    <subfield code="o">621.395 A428</subfield>
    <subfield code="p">14171</subfield>
    <subfield code="r">2025-03-11 12:11:01</subfield>
    <subfield code="t">24</subfield>
    <subfield code="w">2025-03-11</subfield>
    <subfield code="y">BOOK</subfield>
  </datafield>
  <datafield tag="999" ind1=" " ind2=" ">
    <subfield code="c">1205</subfield>
    <subfield code="d">1205</subfield>
  </datafield>
</record>
